000
00304nam a2200121Ia 4500
005
20260326235443.0
008
260326s9999||||xx |||||||||||||| ||und||
100
_a
Rossetto, Alain
245
0
_a
Puente La Unidad /
_c
Alain Rossetto
260
_b
VSL Corporation
650
_a
ARQUITECTURA CIVIL
942
_c
BK
999
_c
7502
_d
7502